| 000 | 00426nam a22001697a 4500 | ||
|---|---|---|---|
| 005 | 20250521102126.0 | ||
| 008 | 160530b xxu||||| |||| 00| 0 eng d | ||
| 020 | _a978-81-8478-103-3 | ||
| 041 | _aeng | ||
| 082 | _a657 | ||
| 100 |
_aSehgal, Ashok &Sehgal Dr Deepak _98637 |
||
| 245 | _aFINANCIAL ACCOUNTING : PROBLEMS & SOLUTIONS [ 3RD.ED.] | ||
| 260 | _bTAXMAN | ||
| 300 | _a146;P | ||
| 650 | _aManagement | ||
| 942 | _cBK | ||
| 999 |
_c2170 _d2169 |
||